000 01654nam a22003017a 4500
005 20170809140915.0
010 _a1617EN
020 _a9789332575974 (v.1)
_c1429.00 (set price)
020 _a9789332558681 (v.2)
_c1429.00 (set price)
020 _a9789332579385 (v.3)
_c1429.00 (set price)
020 _a9789332576087 (v.4)
_c1429.00 (set price)
020 _a9789332575998 (v.5)
_c1429.00 (set price)
020 _a9789332576001 (v.6)
_c1429.00 (set price)
035 _aB-650445-582
035 _aB-664695-200 (AV)
037 _bBSB
_adpl
037 _bDBAD/PUB
082 _a000
100 _aThorpe, Edgar
245 _aGeneral Studies paper-I :
_cby Edgar Thorpe [and] Showick Thorpe
_bfor Civil Services preliminary examination /
260 _aNoida
_bPearson
_c2017
270 _aA-8(A), 7th Floor, Knowledge Boulevard, Sector-62,
_bNoida
_e201309
300 _a6V.(xxvi,259p.; viii,496p.; vi,418p.; vi,413p.; v,280p.; 290p.)
_c25cm(pbk)
505 _av.1 - General knowledge and current affairs. v.2 - Indian polity and Governance v.3 - Indian economy economic and social development v.4 - Geography and environmental ecology. v.5 - General science. v.6 - History and culture.
942 _2ddc
_cEN
_mTHO
_h000
999 _c102204
_d102204